[Event "XLII Festival A"]
[Site "Imperia ITA"]
[Date "2000.09.04"]
[Round "2"]
[White "Van Hoolandt, Patrick"]
[Black "Blasco, Domenico"]
[WhiteElo "2169"]
[BlackElo "2070"]
[Result "1-0"]
[PlyCount "65"]
[EventDate "2000.09.03"]

1. e4 Nf6 2. e5 Nd5 3. d4 d6 4. Nf3 dxe5 5. Nxe5 g6 6. Bc4 c6 7. O-O Bg7 8. Bb3
O-O 9. Re1 Be6 10. c3 Nd7 11. Nf3 N7f6 12. Bg5 Re8 13. Nbd2 h6 14. Bxf6 exf6
15. Bc2 Qd7 16. Ne4 b6 17. Ba4 Bf5 18. Nfd2 Re7 19. c4 Nb4 20. d5 Nd3 21. Bxc6
Qc8 22. Nd6 Rxe1+ 23. Qxe1 Qc7 24. Qe3 Qxd6 25. Bxa8 Nxb2 26. Rc1 Nd3 27. Rc3
Nc5 28. Qg3 Qd8 29. Bc6 h5 30. Re3 Bd7 31. Qf4 Bxc6 32. dxc6 Qxd2 33. Re8+ 1-0

[Event "XLII Festival A"]
[Site "Imperia ITA"]
[Date "2000.09.04"]
[Round "2"]
[White "Zedek, Alois"]
[Black "Ausmins, Elmar"]
[WhiteElo "2157"]
[BlackElo "2324"]
[Result "1-0"]
[PlyCount "91"]
[EventDate "2000.09.03"]

1. d4 g6 2. c4 Bg7 3. Nc3 c5 4. Nf3 cxd4 5. Nxd4 Nc6 6. Nc2 Nf6 7. e4 O-O 8.
Be2 d6 9. O-O Be6 10. Be3 Rc8 11. f3 Na5 12. b3 a6 13. Na4 Nd7 14. Nd4 Qc7 15.
Rc1 Nc5 16. Nc3 Nc6 17. Nxe6 fxe6 18. Qd2 Rf7 19. Rfd1 b6 20. Nd5 Qb7 21. b4
Na4 22. b5 Ne5 23. bxa6 Qa7 24. Nf4 Nb2 25. Nxe6 Nxd1 26. Qxd1 Bf6 27. Qa4 Qd7
28. Qxd7 Nxd7 29. Rb1 Bc3 30. f4 Rf6 31. Bg4 h5 32. Bh3 Rxc4 33. Ng5 Nc5 34.
Rxb6 Ra4 35. g3 Ra5 36. Bc8 Rf8 37. Rc6 Rxa2 38. Ne6 Re8 39. Nxc5 Ra1+ 40. Kg2
dxc5 41. e5 Rd8 42. Bxc5 Rd2+ 43. Kh3 Rh1 44. Kh4 Rdxh2+ 45. Kg5 Be1 46. Kxg6
1-0

[Event "XLII Festival A"]
[Site "Imperia ITA"]
[Date "2000.09.05"]
[Round "3"]
[White "Astengo, Marcello"]
[Black "Stoppa, Omar"]
[WhiteElo "2060"]
[BlackElo "2195"]
[Result "0-1"]
[PlyCount "123"]
[EventDate "2000.09.03"]

1. d4 d5 2. Nf3 e6 3. Bf4 Bd6 4. Bg3 Nf6 5. e3 Nbd7 6. Bd3 Bxg3 7. hxg3 c5 8.
c3 Qc7 9. Nbd2 e5 10. dxe5 Nxe5 11. Nxe5 Qxe5 12. Bb5+ Bd7 13. Bxd7+ Nxd7 14.
Rh5 Qe6 15. Nf3 f5 16. Qa4 g6 17. Rh6 Qe4 18. Qa3 a6 19. O-O-O b5 20. Rh4 Qe6
21. Ng5 Qe7 22. Nh3 Nb6 23. Rh6 a5 24. Nf4 b4 25. Qb3 a4 26. Qc2 b3 27. Qb1 a3
28. axb3 O-O 29. Rdh1 a2 30. Qa1 Rf6 31. Rxh7 Qxh7 32. Rxh7 Kxh7 33. Nd3 g5 34.
Nxc5 Rh6 35. Kd2 Kg7 36. Na4 Nxa4 37. Qxa2 Nb6 38. Qb1 Rf6 39. Qd3 Rh8 40. c4
dxc4 41. Qc3 cxb3 42. Ke2 Re8 43. Qxb3 Ree6 44. Qb5 Kg6 45. Kf1 Nc8 46. g4 fxg4
47. Qc4 Nd6 48. Qxg4 Rxe3 49. Qd1 Re5 50. Qd3+ Kg7 51. Qd4 Ref5 52. f3 Rf4 53.
Qa7+ Nf7 54. Kg1 Rb4 55. Qf2 Rfb6 56. Qg3 Rxb2 57. f4 Rb1+ 58. Kf2 R6b2+ 59.
Kf3 Rb3+ 60. Kg4 Rxg3+ 61. Kxg3 gxf4+ 62. Kxf4 0-1

[Event "XLII Festival A"]
[Site "Imperia ITA"]
[Date "2000.09.05"]
[Round "3"]
[White "Ausmins, Elmar"]
[Black "Giuberchio, Cesare"]
[WhiteElo "2324"]
[BlackElo "1906"]
[Result "1-0"]
[PlyCount "51"]
[EventDate "2000.09.03"]

1. d4 d5 2. Nf3 Nf6 3. c4 e6 4. Nc3 Be7 5. Bf4 O-O 6. e3 c5 7. dxc5 Bxc5 8. Qc2
Qe7 9. O-O-O Nc6 10. a3 e5 11. Bg5 d4 12. Nd5 Qd8 13. exd4 Bxd4 14. Bd3 Be6 15.
Bxh7+ Kh8 16. Bxf6 gxf6 17. Qe4 Bxd5 18. cxd5 Qb6 19. Nxd4 Nxd4 20. Kb1 Rfd8
21. Qg4 Qb3 22. Rd3 Qc2+ 23. Ka1 Qc4 24. Be4 Nb3+ 25. Kb1 Nd2+ 26. Rxd2 1-0

[Event "XLII Festival A"]
[Site "Imperia ITA"]
[Date "2000.09.05"]
[Round "3"]
[White "Babula, Milan"]
[Black "Poloch, Petr"]
[WhiteElo "2362"]
[BlackElo "2323"]
[Result "1/2-1/2"]
[PlyCount "29"]
[EventDate "2000.09.03"]

1. e4 c5 2. Nf3 e6 3. d4 cxd4 4. Nxd4 Nf6 5. Bd3 Nc6 6. Nxc6 bxc6 7. O-O d5 8.
Nd2 Be7 9. c4 O-O 10. b3 a5 11. Bb2 a4 12. cxd5 cxd5 13. bxa4 Ba6 14. Bxa6 Rxa6
15. exd5 1/2-1/2

[Event "XLII Festival A"]
[Site "Imperia ITA"]
[Date "2000.09.05"]
[Round "3"]
[White "Barlocco, Carlo"]
[Black "Machalek, Bedrich"]
[WhiteElo "2179"]
[BlackElo "2055"]
[Result "1-0"]
[PlyCount "109"]
[EventDate "2000.09.03"]

1. c4 Nf6 2. g3 c6 3. Bg2 d5 4. d4 Bf5 5. Nc3 e6 6. Nf3 Bb4 7. O-O O-O 8. Qb3
Qe7 9. Bf4 Nh5 10. Be5 f6 11. Bxb8 Raxb8 12. h3 Bxc3 13. Qxc3 Be4 14. b4 f5 15.
Ne5 Bxg2 16. Kxg2 f4 17. g4 f3+ 18. Nxf3 Nf4+ 19. Kh2 Nxe2 20. Qe3 Nf4 21. c5
Rf6 22. Rg1 Rbf8 23. Rg3 Ng6 24. Rb1 Rf4 25. b5 Qf6 26. bxc6 bxc6 27. Rb3 h6
28. Qd3 Re4 29. Qa6 Nf4 30. Re3 Ng6 31. Qxc6 Rxe3 32. fxe3 Rb8 33. Qa4 Rb2+ 34.
Rg2 Rb1 35. Qc2 Rf1 36. Rf2 Rxf2+ 37. Qxf2 e5 38. Kg2 e4 39. Ne5 Ne7 40. Nd7
Qxf2+ 41. Kxf2 Kf7 42. Ne5+ Ke6 43. h4 Nc8 44. h5 Ne7 45. Ng6 Ng8 46. Nf4+ Kd7
47. Nxd5 Kc6 48. Nc3 Nf6 49. Kg3 a6 50. Kf4 a5 51. a4 Kc7 52. d5 Kd7 53. c6+
Kd6 54. Nxe4+ Kxd5 55. c7 1-0

[Event "XLII Festival A"]
[Site "Imperia ITA"]
[Date "2000.09.05"]
[Round "3"]
[White "Basciu, Simone"]
[Black "Krouzel, Jaroslav"]
[WhiteElo "2147"]
[BlackElo "2293"]
[Result "1/2-1/2"]
[PlyCount "31"]
[EventDate "2000.09.03"]

1. d4 f5 2. Nf3 Nf6 3. g3 e6 4. Bg2 Be7 5. O-O O-O 6. c4 Ne4 7. Nbd2 Bf6 8. Qc2
d5 9. Rb1 c6 10. b3 Qe7 11. Bb2 b6 12. Rfd1 Bb7 13. Ne5 Nxd2 14. Rxd2 Nd7 15.
cxd5 cxd5 16. Nxd7 1/2-1/2

[Event "XLII Festival A"]
[Site "Imperia ITA"]
[Date "2000.09.05"]
[Round "3"]
[White "Blasco, Domenico"]
[Black "Massa, Giovanni"]
[WhiteElo "2070"]
[BlackElo "2132"]
[Result "0-1"]
[PlyCount "134"]
[EventDate "2000.09.03"]

1. d4 d5 2. e3 Nf6 3. Bd3 c5 4. c3 Nc6 5. f4 Bg4 6. Nf3 e6 7. Nbd2 Be7 8. O-O
O-O 9. Qe1 Bxf3 10. Rxf3 Nd7 11. g4 g6 12. g5 f5 13. b3 Rc8 14. Bb2 Rf7 15. Rc1
Bf8 16. Rf2 Bg7 17. Nf3 a6 18. Bb1 b5 19. c4 bxc4 20. bxc4 dxc4 21. Rxc4 Bf8
22. dxc5 Qa5 23. Qxa5 Nxa5 24. Ra4 Rxc5 25. Bd4 Nb6 26. Bxc5 Nxa4 27. Bxf8 Rxf8
28. Nd4 Nc4 29. Bd3 Nxe3 30. Re2 Rd8 31. Rxe3 Rxd4 32. Bxa6 Nc5 33. Bc8 Rxf4
34. Rc3 Rg4+ 35. Kf1 Rf4+ 36. Ke2 Re4+ 37. Kf3 Na4 38. Ra3 Nb6 39. Bb7 Rh4 40.
Rb3 Nd7 41. Rb2 Ne5+ 42. Kg2 Rg4+ 43. Kf1 Rxg5 44. a4 Nc4 45. Ra2 Na5 46. Bc8
Kf7 47. Re2 f4 48. Bxe6+ Kf6 49. Bd7 Rd5 50. Bb5 g5 51. Re8 g4 52. Ra8 Nb3 53.
Ke1 h5 54. Bc4 Re5+ 55. Kf2 Na5 56. Bb5 Nb7 57. Bc6 Nc5 58. Rd8 Ne4+ 59. Bxe4
Rxe4 60. a5 Kg5 61. Rd5+ Kh4 62. Rb5 Ra4 63. Rc5 g3+ 64. hxg3+ fxg3+ 65. Kg2
Rf4 66. a6 Rf2+ 67. Kg1 Ra2 0-1

[Event "XLII Festival A"]
[Site "Imperia ITA"]
[Date "2000.09.05"]
[Round "3"]
[White "Capuano, Ruggiero"]
[Black "Benes, Petr"]
[WhiteElo "2170"]
[BlackElo "2171"]
[Result "0-1"]
[PlyCount "160"]
[EventDate "2000.09.03"]

1. d4 Nf6 2. Nf3 e6 3. Bg5 c5 4. e3 h6 5. Bh4 Qb6 6. Qc1 Nc6 7. c3 d6 8. Nbd2
cxd4 9. exd4 Bd7 10. Bd3 Rc8 11. Nc4 Qc7 12. O-O g5 13. Bg3 Nh5 14. Qd2 Nxg3
15. hxg3 Bg7 16. Rae1 Ne7 17. Ne3 O-O 18. g4 b5 19. Nh2 f5 20. gxf5 exf5 21. f4
Rce8 22. fxg5 f4 23. Nc2 hxg5 24. Nf3 Bh6 25. Rf2 Nf5 26. Rxe8 Rxe8 27. Re2 Ng3
28. Rxe8+ Bxe8 29. Qe1 Qf7 30. Nd2 d5 31. Nf1 Nxf1 32. Qxf1 a6 33. Qe2 Bg7 34.
Ne1 Bd7 35. Nf3 Bg4 36. Qe1 Bf6 37. Qf1 Qe8 38. Qe2 Qh5 39. Qf2 Qe8 40. Qe2 Qh5
41. Qf2 Qh8 42. Qe2 Kg7 43. Qf2 Qe8 44. Qe2 Qb8 45. a3 Qc8 46. Bb1 Bf5 47. Bc2
Qe6 48. Qxe6 Bxe6 49. Kf2 g4 50. Ne1 Bh4+ 51. Ke2 Bxe1 52. Kxe1 Kf6 53. Kf2 g3+
54. Kf1 Bf7 55. Bb3 Ke6 56. Bc2 Bh5 57. Bd3 Bd1 58. Bb1 Bg4 59. Bd3 Bd1 60. Ke1
Bb3 61. Be2 Bc4 62. Bg4+ Kf6 63. b4 Bd3 64. Bc8 Kg5 65. Be6 Bc4 66. Bh3 Bd3 67.
Be6 f3 68. gxf3 Bc4 69. Bh3 Kf4 70. Bg2 Ke3 71. f4 Kxf4 72. Kd2 Ba2 73. Ke2 Bb3
74. Kd3 Ba2 75. Ke2 Bb3 76. Bh1 Bc4+ 77. Kd2 Bf1 78. Bxd5 g2 79. Bxg2 Bxg2 80.
a4 Ke4 0-1

[Event "XLII Festival A"]
[Site "Imperia ITA"]
[Date "2000.09.05"]
[Round "3"]
[White "Colovic, Aleksandar"]
[Black "Van Hoolandt, Patrick"]
[WhiteElo "2397"]
[BlackElo "2169"]
[Result "1/2-1/2"]
[PlyCount "64"]
[EventDate "2000.09.03"]

1. c4 e5 2. Nc3 Nf6 3. g3 g6 4. Bg2 Bg7 5. b4 a5 6. b5 d6 7. e3 O-O 8. Nge2 Re8
9. d3 Nbd7 10. O-O e4 11. d4 Nb6 12. c5 dxc5 13. dxc5 Qxd1 14. Rxd1 Nbd5 15.
Rb1 Bg4 16. Nxd5 Bxe2 17. Nxf6+ Bxf6 18. Rd2 Bd3 19. Rxd3 exd3 20. Bxb7 Rab8
21. Bc6 Re5 22. Ba3 Be7 23. Rd1 Rd8 24. e4 Bxc5 25. Bb2 Re6 26. Bc3 Bb4 27.
Bxb4 axb4 28. Bd5 Rxd5 29. exd5 Rb6 30. Rxd3 Rxb5 31. d6 cxd6 32. Rxd6 b3
1/2-1/2

[Event "XLII Festival A"]
[Site "Imperia ITA"]
[Date "2000.09.05"]
[Round "3"]
[White "Cugini, Verter"]
[Black "Frank, Albert"]
[WhiteElo "2168"]
[BlackElo "2014"]
[Result "1/2-1/2"]
[PlyCount "100"]
[EventDate "2000.09.03"]

1. e4 e5 2. Nf3 Nc6 3. d4 exd4 4. Nxd4 Nf6 5. Nxc6 bxc6 6. e5 Qe7 7. Qe2 Nd5 8.
c4 Nb6 9. Nd2 Qe6 10. b3 Bb4 11. Bb2 O-O 12. O-O-O d5 13. exd6 Qxd6 14. Ne4
Qh6+ 15. Kb1 Bf5 16. a3 Bc5 17. f3 Rad8 18. g4 Bxe4+ 19. fxe4 Rxd1+ 20. Qxd1
Qe6 21. Bg2 Rb8 22. Qf3 Bxa3 23. Qf5 Qxf5 24. exf5 Bxb2 25. Kxb2 Nxc4+ 26. Kc3
Ne3 27. Bf3 Nd5+ 28. Bxd5 cxd5 29. Ra1 Rb7 30. Ra5 c6 31. Ra6 Rc7 32. Kd4 Kf8
33. Kc5 Ke7 34. g5 f6 35. h4 Kd7 36. b4 h6 37. gxh6 gxh6 38. h5 Ke7 39. Ra1 d4
40. Kxd4 Kd6 41. Rd1 Rb7 42. Ke4+ Ke7 43. Rd4 Rb5 44. Kf4 c5 45. Re4+ Kf7 46.
bxc5 Rxc5 47. Rb4 Re5 48. Rb7+ Re7 49. Rb8 a5 50. Ra8 Re5 1/2-1/2

[Event "XLII Festival A"]
[Site "Imperia ITA"]
[Date "2000.09.05"]
[Round "3"]
[White "Delanoy, Arnaud"]
[Black "Papan, Cyril"]
[WhiteElo "2120"]
[BlackElo "2208"]
[Result "1-0"]
[PlyCount "53"]
[EventDate "2000.09.03"]

1. e4 d6 2. d4 Nf6 3. Nc3 g6 4. f4 Bg7 5. Nf3 O-O 6. Bd3 e5 7. dxe5 dxe5 8.
Nxe5 Nbd7 9. Nxd7 Bxd7 10. O-O Qe7 11. e5 Ng4 12. Qe2 Rae8 13. h3 Nh6 14. Be3
Nf5 15. Nd5 Qd8 16. Bxf5 Bxf5 17. Rad1 Qh4 18. Bc5 c6 19. Ne3 Re6 20. Bxf8 Bxf8
21. Nxf5 gxf5 22. Qf2 Qxf2+ 23. Kxf2 Kg7 24. Rd7 b5 25. Kf3 Bc5 26. Rfd1 a5 27.
Rb7 1-0

[Event "XLII Festival A"]
[Site "Imperia ITA"]
[Date "2000.09.05"]
[Round "3"]
[White "Dinser, Hans"]
[Black "Spinelli, Doriano"]
[WhiteElo "2132"]
[BlackElo "2189"]
[Result "0-1"]
[PlyCount "110"]
[EventDate "2000.09.03"]

1. d4 d5 2. c4 e6 3. Nc3 Be7 4. cxd5 exd5 5. Nf3 Nf6 6. e3 O-O 7. Bd3 b6 8. O-O
Bb7 9. Ne5 Nbd7 10. f4 c5 11. Bd2 a6 12. Rc1 b5 13. Bf5 g6 14. Bb1 Qb6 15. Ne2
Nxe5 16. fxe5 Ne4 17. Bc3 Nxc3 18. bxc3 f6 19. exf6 Rxf6 20. Rxf6 Qxf6 21. Ng3
Rf8 22. Qe2 Qe6 23. Rf1 Rxf1+ 24. Nxf1 b4 25. dxc5 bxc3 26. Qd3 Qf6 27. Bc2
Bxc5 28. Bb3 Qe5 29. Kf2 Kg7 30. Ng3 d4 31. exd4 Bxd4+ 32. Kf1 Qf4+ 33. Ke2
Bxg2 34. Kd1 Qf3+ 35. Kc2 Qxd3+ 36. Kxd3 Be5 37. a4 a5 38. Bc2 h5 39. Ke3 h4
40. Ne4 Bxe4 41. Bxe4 Bxh2 42. Kd3 g5 43. Kd4 Kf6 44. Kxc3 Be5+ 45. Kd3 Bh2 46.
Bh1 Bg1 47. Ke2 Bb6 48. Kf1 h3 49. Bc6 g4 50. Bd7 Kg5 51. Be6 Kh4 52. Bd7 g3
53. Bc6 Kg5 54. Bd5 Bd4 55. Bc6 Kf6 0-1

[Event "XLII Festival A"]
[Site "Imperia ITA"]
[Date "2000.09.05"]
[Round "3"]
[White "Egartner, Wolfgang"]
[Black "Luciani, Carlo"]
[WhiteElo "2166"]
[BlackElo "2225"]
[Result "0-1"]
[PlyCount "72"]
[EventDate "2000.09.03"]

1. d4 c5 2. d5 e6 3. e4 exd5 4. exd5 d6 5. c4 g6 6. Nf3 Bg7 7. Bd3 Ne7 8. O-O
O-O 9. Nc3 Bf5 10. Re1 Bxd3 11. Qxd3 h6 12. h4 Nf5 13. h5 Nd7 14. hxg6 fxg6 15.
Re6 Nd4 16. Nxd4 cxd4 17. Ne4 Ne5 18. Qh3 g5 19. Rxd6 Qe8 20. Re6 Qf7 21. b3 d3
22. Rb1 g4 23. Qg3 Qf5 24. Nd2 Ng6 25. Bb2 Bxb2 26. Rxg6+ Qxg6 27. Rxb2 Rae8
28. Rb1 Re2 29. Rd1 Qf5 30. f3 Qg5 31. Qxg4 Qxg4 32. fxg4 Rff2 33. Nf1 Rxg2+
34. Kh1 d2 35. Ne3 Rg3 36. Nf5 Rd3 0-1

[Event "XLII Festival A"]
[Site "Imperia ITA"]
[Date "2000.09.05"]
[Round "3"]
[White "Faraci, Antonino"]
[Black "Wurm, Christoph"]
[WhiteElo "2111"]
[BlackElo "2156"]
[Result "1/2-1/2"]
[PlyCount "101"]
[EventDate "2000.09.03"]

1. e4 c5 2. Nf3 e6 3. d4 cxd4 4. Nxd4 a6 5. Bd3 Nc6 6. Nxc6 dxc6 7. O-O Nf6 8.
e5 Nd5 9. a3 Qc7 10. c4 Ne7 11. f4 c5 12. Nc3 Nc6 13. Be3 b6 14. Rb1 Bb7 15.
Qe2 Be7 16. Rbd1 O-O-O 17. Be4 h6 18. Nd5 exd5 19. cxd5 Nd4 20. Bxd4 cxd4 21.
Rc1 Bc5 22. Qd3 Bxd5 23. Bxd5 Rxd5 24. b4 Kb7 25. bxc5 Rxc5 26. Rb1 Rd8 27. Rb4
Rc3 28. Qe4+ Qc6 29. Qf5 Rc2 30. Qg4 d3 31. Rbb1 d2 32. Qxg7 Rc1 33. Qxf7+ Rd7
34. Qb3 d1=Q 35. Rxd1 Rdxd1+ 36. Qxd1 Rxd1+ 37. Rxd1 Qc5+ 38. Kh1 Qe3 39. Rf1
b5 40. f5 Qxe5 41. f6 Qe8 42. f7 Qf8 43. Rf3 Kc6 44. Kg1 a5 45. Kf2 Kd5 46. Ke2
Ke6 47. Re3+ Kxf7 48. Rf3+ Ke7 49. Rxf8 Kxf8 50. Kd3 Ke7 51. g4 1/2-1/2

[Event "XLII Festival A"]
[Site "Imperia ITA"]
[Date "2000.09.05"]
[Round "3"]
[White "Giuliano, Arturo"]
[Black "Malano, Francesco"]
[WhiteElo "1968"]
[BlackElo "2028"]
[Result "0-1"]
[PlyCount "78"]
[EventDate "2000.09.03"]

1. e4 c5 2. Nf3 Nc6 3. d4 cxd4 4. Nxd4 g6 5. Bc4 Bg7 6. Be3 Nf6 7. Nc3 Ne5 8.
Bb3 Neg4 9. Qf3 Nxe3 10. fxe3 d6 11. h3 O-O 12. O-O-O Nd7 13. Rhf1 Ne5 14. Qg3
a6 15. Nf3 b5 16. Nxe5 Bxe5 17. Bxf7+ Kg7 18. Qg5 Bxc3 19. bxc3 e6 20. Qg3 Rxf7
21. e5 Rxf1 22. Rxf1 dxe5 23. Qxe5+ Kg8 24. Qc5 Rb8 25. Rd1 Qe8 26. Rd6 Rb7 27.
Rc6 Bd7 28. Rxa6 Qc8 29. Qd6 Rc7 30. Ra3 Bc6 31. g4 Bd5 32. Qe5 b4 33. Ra5 Rxc3
34. Rxd5 Rxc2+ 35. Kd1 Rc1+ 36. Ke2 exd5 37. Qxd5+ Kf8 38. Qd6+ Kf7 39. Qf4+
Kg8 0-1

[Event "XLII Festival A"]
[Site "Imperia ITA"]
[Date "2000.09.05"]
[Round "3"]
[White "Jacob, Volker"]
[Black "Gross, Stefan"]
[WhiteElo "2267"]
[BlackElo "2357"]
[Result "0-1"]
[PlyCount "80"]
[EventDate "2000.09.03"]

1. d4 Nf6 2. c4 d6 3. Nc3 Bf5 4. f3 e5 5. e4 Bg6 6. Nge2 c6 7. Be3 Be7 8. Qd2
Nbd7 9. g4 h6 10. Ng3 Nh7 11. Be2 Bg5 12. f4 exf4 13. Bxf4 Bxf4 14. Qxf4 Qf6
15. Qe3 Qg5 16. Qf3 Qh4 17. O-O-O Nhf6 18. Kb1 O-O-O 19. Ka1 Rhe8 20. Nf5 Bxf5
21. exf5 Re7 22. Qf4 Rde8 23. Bf3 Re3 24. Bxc6 bxc6 25. Qxd6 Nb8 26. d5 Rxc3
27. bxc3 Qh3 28. Qa3 Qxg4 29. Rhe1 Qxc4 30. Rxe8+ Nxe8 31. Re1 Nd6 32. dxc6
Nxc6 33. Rd1 Nb5 34. Qf8+ Kb7 35. Rc1 Nxc3 36. Qa3 Nb4 37. Rxc3 Qf1+ 38. Rc1
Nc2+ 39. Kb2 Qxc1+ 40. Kxc1 Nxa3 0-1

[Event "XLII Festival A"]
[Site "Imperia ITA"]
[Date "2000.09.05"]
[Round "3"]
[White "Jandovsky, Viktor"]
[Black "Strazzeri, Marco"]
[WhiteElo "2195"]
[BlackElo "1756"]
[Result "1-0"]
[PlyCount "60"]
[EventDate "2000.09.03"]

1. e4 c6 2. d4 d5 3. exd5 cxd5 4. c4 Nf6 5. Nc3 e6 6. Nf3 Nc6 7. cxd5 Nxd5 8.
Bd3 Be7 9. O-O O-O 10. Re1 Bf6 11. Be4 Nde7 12. Be3 Nb4 13. a3 Nbd5 14. Bc1 Qd6
15. Bc2 Rd8 16. Ne4 Qb6 17. Qd3 Nf5 18. Nxf6+ Nxf6 19. Bg5 Nxd4 20. Bxf6 Nxf3+
21. Qxf3 gxf6 22. Qxf6 Bd7 23. Re3 e5 24. Qg5+ Kf8 25. Qxe5 Be6 26. Bb3 Qd6 27.
Qf6 Qd4 28. Rxe6 Qxf6 29. Rxf6 Rd7 30. g3 Kg7 1-0

[Event "XLII Festival A"]
[Site "Imperia ITA"]
[Date "2000.09.05"]
[Round "3"]
[White "Kljako, Damir"]
[Black "Delchev, Aleksander"]
[WhiteElo "2258"]
[BlackElo "2557"]
[Result "1/2-1/2"]
[PlyCount "82"]
[EventDate "2000.09.03"]

1. d4 Nf6 2. Nf3 g6 3. Bg5 Bg7 4. Nbd2 O-O 5. e3 d6 6. Be2 c5 7. c3 Nbd7 8. O-O
b6 9. a4 a6 10. h3 Bb7 11. Bc4 Qc7 12. Qe2 Rfe8 13. Bf4 Qc6 14. Rfc1 e5 15. Bh2
e4 16. Ne1 d5 17. Bb3 Rac8 18. Qd1 Qe6 19. Qe2 h5 20. Bd1 Nh7 21. Nc2 Ng5 22.
b4 cxb4 23. Nxb4 a5 24. Na6 Qc6 25. Qf1 Ne6 26. Be2 Ra8 27. Bb5 Qc8 28. c4 Bxa6
29. cxd5 Nec5 30. Rab1 Bxb5 31. Qxb5 Qa6 32. dxc5 Nxc5 33. Rc4 Red8 34. d6 Bf8
35. Qxb6 Bxd6 36. Bxd6 Rxd6 37. Qxc5 Rxd2 38. Rb6 Qa7 39. Rxe4 Qd7 40. Qc6 Qd8
41. Rc4 Rb8 1/2-1/2

[Event "XLII Festival A"]
[Site "Imperia ITA"]
[Date "2000.09.05"]
[Round "3"]
[White "Lukes, Ladislav"]
[Black "Semeria, Marco"]
[WhiteElo "2122"]
[BlackElo "2063"]
[Result "1-0"]
[PlyCount "73"]
[EventDate "2000.09.03"]

1. e4 c5 2. Nf3 Nc6 3. d4 cxd4 4. Nxd4 Nf6 5. Nc3 d6 6. Bg5 e6 7. Qd2 Be7 8.
O-O-O a6 9. f4 Nxd4 10. Qxd4 Qa5 11. Be2 O-O 12. Bh4 Rd8 13. Bf3 e5 14. Qe3
exf4 15. Qxf4 Be6 16. Kb1 Rac8 17. Nd5 Bxd5 18. exd5 Qc7 19. Rd2 Ne8 20. Bg4
Rb8 21. Bf5 Bxh4 22. Qxh4 Nf6 23. g4 Qc4 24. Rhd1 Qf4 25. Rf2 Qh6 26. Qg3 g5
27. Qf3 Nd7 28. Bxd7 Rxd7 29. Qe3 Qg7 30. Rf5 h6 31. h4 gxh4 32. Rh5 Kf8 33.
Re1 Rdd8 34. Qe7+ Kg8 35. Qxh4 Re8 36. Rh1 Re2 37. Rxh6 1-0

[Event "XLII Festival A"]
[Site "Imperia ITA"]
[Date "2000.09.05"]
[Round "3"]
[White "Mlynek, Petr"]
[Black "Svacina, Petr"]
[WhiteElo "2200"]
[BlackElo "2094"]
[Result "1-0"]
[PlyCount "123"]
[EventDate "2000.09.03"]

1. d4 Nf6 2. c4 d6 3. Nf3 Nbd7 4. Nc3 e5 5. e4 c6 6. h3 Be7 7. Be3 O-O 8. Be2
exd4 9. Nxd4 Nc5 10. Qc2 a5 11. O-O Re8 12. Rad1 Qc7 13. Nb3 Ne6 14. f4 Bf8 15.
Bf3 Nc5 16. Nxc5 dxc5 17. e5 g6 18. Qf2 Nd7 19. Ne4 b6 20. Rd2 Be7 21. Nd6 Bxd6
22. Rxd6 Bb7 23. Rfd1 Nf8 24. Qh4 Qe7 25. Qxe7 Rxe7 26. Bxc6 Bxc6 27. Rxc6 Rb8
28. g4 Ne6 29. Kf2 g5 30. f5 Nd4 31. Bxd4 cxd4 32. e6 fxe6 33. Rxe6 Rxe6 34.
fxe6 Rf8+ 35. Kg2 Re8 36. Rxd4 Rxe6 37. Kf3 Kf7 38. Rd5 h6 39. b3 Ke7 40. c5 b5
41. c6 Rxc6 42. Rxb5 a4 43. Ke4 axb3 44. Rxb3 Ra6 45. a3 Kd6 46. Kf5 Ke7 47.
Ke5 Kd7 48. Kd5 Kc7 49. Rc3+ Kd7 50. Kc5 h5 51. Kb5 Rh6 52. Rc5 hxg4 53. hxg4
Rh3 54. Kb4 Rg3 55. Rxg5 Kc6 56. Rg6+ Kc7 57. a4 Rg1 58. a5 Rb1+ 59. Kc5 Rc1+
60. Kd5 Kd8 61. a6 Ke7 62. a7 1-0

[Event "XLII Festival A"]
[Site "Imperia ITA"]
[Date "2000.09.05"]
[Round "3"]
[White "Mozny, Milos"]
[Black "Sejkora, Vlastimil"]
[WhiteElo "2414"]
[BlackElo "2264"]
[Result "1/2-1/2"]
[PlyCount "23"]
[EventDate "2000.09.03"]

1. d4 Nf6 2. Nf3 g6 3. c4 Bg7 4. g3 d6 5. Bg2 O-O 6. O-O Nc6 7. Nc3 a6 8. h3 e5
9. dxe5 dxe5 10. Be3 Be6 11. b3 h6 12. Qxd8 1/2-1/2

[Event "XLII Festival A"]
[Site "Imperia ITA"]
[Date "2000.09.05"]
[Round "3"]
[White "Payen, Arnaud"]
[Black "Di Paolo, Raffaele"]
[WhiteElo "2354"]
[BlackElo "2295"]
[Result "1-0"]
[PlyCount "103"]
[EventDate "2000.09.03"]

1. Nf3 Nf6 2. d4 g6 3. Bf4 Bg7 4. h3 c5 5. c3 Qb6 6. Qb3 Nc6 7. e3 O-O 8. Nbd2
d5 9. Be2 c4 10. Qxb6 axb6 11. a3 b5 12. O-O Nd7 13. e4 dxe4 14. Nxe4 Nb6 15.
Rad1 Nd5 16. Bh2 Bf5 17. Ned2 h5 18. Rfe1 Bh6 19. Bf1 Bc2 20. Rc1 Ba4 21. g4
hxg4 22. hxg4 Bf4 23. Bxf4 Nxf4 24. Kh2 f6 25. Kg3 g5 26. Ne4 b6 27. Ng1 Nd8
28. Nd2 Kf7 29. Re3 Nd5 30. Bg2 e6 31. Ree1 Ra7 32. Nh3 Nc6 33. Re2 Rh8 34.
Rce1 Nd8 35. Ne4 Rd7 36. Nhxg5+ fxg5 37. Nxg5+ Kg7 38. Nxe6+ Nxe6 39. Rxe6 Rf8
40. Bxd5 Rxd5 41. Rxb6 Rd7 42. Ree6 Bc2 43. f4 Rdf7 44. f5 Bxf5 45. gxf5 Rxf5
46. Rb7+ Kh8 47. Rh6+ Kg8 48. Rg6+ Kh8 49. Kh4 Rf4+ 50. Rg4 R4f5 51. Rg5 Rf4+
52. Kh5 1-0

[Event "XLII Festival A"]
[Site "Imperia ITA"]
[Date "2000.09.05"]
[Round "3"]
[White "Pedemonte, Claudio"]
[Black "Hocevar, Nikola"]
[WhiteElo "2013"]
[BlackElo "2167"]
[Result "0-1"]
[PlyCount "91"]
[EventDate "2000.09.03"]

1. c4 e5 2. Nc3 Nc6 3. Nf3 g6 4. d4 exd4 5. Nxd4 Bg7 6. e3 Nge7 7. Be2 d6 8.
O-O O-O 9. b3 Nxd4 10. exd4 Nf5 11. Be3 c5 12. g4 cxd4 13. gxf5 dxe3 14. Rc1
Bxf5 15. Bf3 Bh3 16. Bg2 Qg5 17. Qf3 Bxg2 18. Qxg2 exf2+ 19. Kh1 Qxg2+ 20. Kxg2
Bxc3 21. Rxc3 Rfe8 22. Rxf2 Re6 23. Rd3 Kf8 24. Kg3 Rae8 25. Rff3 f5 26. h4 Kf7
27. h5 Kf6 28. hxg6 hxg6 29. Rd5 b6 30. Kh4 Re4+ 31. Kg3 R8e6 32. Kh3 Re3 33.
Kg3 Rxf3+ 34. Kxf3 g5 35. Kf2 g4 36. Kg3 Kg5 37. b4 Rh6 38. c5 dxc5 39. bxc5
bxc5 40. Rxc5 Re6 41. Rc2 f4+ 42. Kg2 Kh4 43. Rb2 Re4 44. Kf2 f3 45. Rb7 Re2+
46. Kf1 0-1

[Event "XLII Festival A"]
[Site "Imperia ITA"]
[Date "2000.09.05"]
[Round "3"]
[White "Pienabarca, Nicola"]
[Black "Bratanov, Zsivko"]
[WhiteElo "2030"]
[BlackElo "2400"]
[Result "0-1"]
[PlyCount "64"]
[EventDate "2000.09.03"]

1. d4 Nf6 2. c4 g6 3. Nc3 Bg7 4. e4 O-O 5. Nge2 c5 6. d5 d6 7. Ng3 e6 8. Be2
exd5 9. exd5 a6 10. O-O Re8 11. Bf4 Qc7 12. a4 b6 13. Re1 Nbd7 14. Bf3 Bb7 15.
Qd2 Rad8 16. Rxe8+ Nxe8 17. Bh6 Ne5 18. Be2 f5 19. h4 Bc8 20. h5 Bf6 21. Bg5
Qe7 22. Bxf6 Qxf6 23. hxg6 hxg6 24. f4 Nf7 25. Re1 Bd7 26. Bd1 Nc7 27. Bc2 Rb8
28. Nf1 Kg7 29. Ne3 Qd4 30. Bd3 Re8 31. Ncd1 Bxa4 32. Nc3 Bb3 0-1

[Event "XLII Festival A"]
[Site "Imperia ITA"]
[Date "2000.09.05"]
[Round "3"]
[White "Raviola, Giuseppe"]
[Black "Popa, Claudiu"]
[WhiteElo "1909"]
[BlackElo "2127"]
[Result "1/2-1/2"]
[PlyCount "78"]
[EventDate "2000.09.03"]

1. e4 e5 2. Nf3 Nc6 3. Bc4 Nf6 4. O-O Be7 5. Re1 d6 6. c3 Bg4 7. d3 O-O 8. Be3
a6 9. Nbd2 Na5 10. Bb3 Nxb3 11. Qxb3 Qd7 12. Qc2 Qc6 13. h3 Bh5 14. Nh4 d5 15.
Nf5 Rfe8 16. f4 exf4 17. Bxf4 dxe4 18. Nxe4 Nxe4 19. Rxe4 Bc5+ 20. Kh2 Rxe4 21.
dxe4 Re8 22. Re1 Bg6 23. g4 f6 24. h4 Bxf5 25. gxf5 Bd6 26. Bg3 Bxg3+ 27. Kxg3
Qc4 28. b3 Qc6 29. Qd3 Re7 30. Qf3 Rd7 31. Re3 Qd6+ 32. Kh3 Qd1 33. Qxd1 Rxd1
34. Kg4 Rd2 35. a4 Kf7 36. Kf4 Rf2+ 37. Kg3 Rd2 38. h5 h6 39. b4 Rd1 1/2-1/2